| 000 | 00516nam a22001817a 4500 | ||
|---|---|---|---|
| 003 | LK-CoMWRAF | ||
| 005 | 20231122153655.0 | ||
| 008 | 231122b |||||||| |||| 00| 0 eng d | ||
| 040 |
_aLK-CoMWRAF _dLK-CoMWRAF _eLK-CoMWRAF |
||
| 041 | _aeng | ||
| 082 |
_a823 _bMUS |
||
| 100 | _aMusaeus-Higgins, Marie | ||
| 245 |
_aStories from the History of Ceylon : _bBook II |
||
| 260 |
_aColombo : _bEducational publications department, _c2000 |
||
| 300 | _a218p | ||
| 650 | _aStories from the History of Ceylon | ||
| 942 | _cBK | ||
| 999 |
_c4222 _d4222 |
||